LDR 00624naa#a2200169#i#450# 001 EN\\bibl\100507 005 20260516033801.6 011 ## _a2071-7318 100 ## _a20260508b2026####ek#y0engy0150####ca 102 ## _aRU 200 1# _aMODERN PRACTICE OF REVITALIZATION AND SUSTAINABLE DEVELOPMENT OF INDUSTRIAL LANDSCAPES _eJournal article 210 1# _aBelgorod _cBelgorod State Technological University named after V.G. Shukhov _d2026 215 ## _a10 с. 608 ## _aJournal article _2local 675 ## _aОрганизация ландшафта. Проект и выполнение. 712.00 _z 700 #1 _aTkachenko _gS. G. 856 4# _anaukaru.ru _u